Recreation site survey manual : Methods and techniques for conducting visitors surveys

Bibliographic Details
Format: Book
Language:English
Published: London : E and F. N. Spon 1983
Subjects:

MARC

LEADER 00000cam a2200000 7i4500
001 0000002837
005 20240926.0
008 991201 enk a eng
020 |a 0419126805 
040 |a INS   |b eng   |e rda 
090 0 0 |a GV181.55   |b .R42 1983 
245 0 0 |a Recreation site survey manual :   |b Methods and techniques for conducting visitors surveys   |c Tourism and Recreation Research Unit 
264 1 |a London :   |b E and F. N. Spon   |c 1983 
300 |a 146 pages :   |b illustrations ;   |c 29 cm. 
336 |a text  |2 rdacontent 
337 |a unmediated  |2 rdamedia 
338 |a volume  |2 rdacarrier 
504 |a Includes bibliographical references and index 
650 0 |a Recreation research 
650 0 |a Tourism and recreation unit 
999 |a 0000000976   |b BOOK   |c Open Shelf   |e Default branch